000 00431nam a2200181Ia 4500
001 18979
005 20260306171710.0
008 260306s9999||||xx |||||||||||||| ||und||
041 _aESP
082 _a658.575
_bL41
100 _aLehmann, Donald R.
_eAUT
245 0 _aAdministración del producto
260 _c2007
300 _axvi, 502 páginas :
_c23 cm.
650 _aGEN
654 _aCAN
942 _cLIB
_dJUS
_fJUS
_2ddc
_n
999 _c18979
_d18979